Jeevan Theeng/ (Record no. 189464)

MARC details
000 -LEADER
fixed length control field 00581nam a22001937a 4500
005 - DATE AND TIME OF LATEST TRANSACTION
control field 20220701142858.0
010 ## - LCCN (DPL NO)
LC control number Payal Dewal
020 ## - INTERNATIONAL STANDARD BOOK NUMBER
International Standard Book Number 9789391494315
Terms of availability 50.00
037 ## - SOURCE OF ACQUISITION
Source of stock number/acquisition Sahitya Akademi
082 ## - DEWEY DECIMAL CLASSIFICATION NUMBER
Edition number 2021
100 ## - MAIN ENTRY--PERSONAL NAME
Personal name Bantawa,Bijay
245 ## - TITLE STATEMENT
Title Jeevan Theeng/
Statement of responsibility, etc Bijay Bantawa
250 ## - EDITION STATEMENT
Edition statement 2021
260 ## - PUBLICATION, DISTRIBUTION, ETC. (IMPRINT)
Place of publication, distribution, etc New Delhi
Name of publisher, distributor, etc Sahitya Akademi
270 ## - ADDRESS
Address Rabindra Bhavan,35,Ferozeshah Road
City New Delhi
Postal code 110001
Telephone number 011-23386626/27/28
Electronic mail address Secretery@sahitya-akademi.gov.in
300 ## - PHYSICAL DESCRIPTION
Extent x,65p.
Dimensions 22c.m.(Pb)
490 ## - SERIES STATEMENT
Series statement Makes Of Indian Literature
942 ## - ADDED ENTRY ELEMENTS (KOHA)
Source of classification or shelving scheme Dewey Decimal Classification
Item type English Books
Edition 2021
Call number suffix BAN

No items available.


© Delhi Public Library
Hit Counter
free hit counter